Statistics for Countries With the Lowest Smoking Rates

Click here to take the quiz!

General Stats

  • This quiz has been taken 19 times
  • The average score is 10 of 24

Answer Stats

Smoking RateCountry% Correct
8.00%Sweden
79%
9.40%Dominican Republic
63%
8.30%Haiti
63%
10.90%Bahamas
58%
11.00%Jamaica
53%
3.70%Ghana
47%
8.60%Niger
47%
9.60%Peru
47%
7.60%Togo
47%
9.30%Cameroon
42%
4.80%Nigeria
42%
5.40%São Tomé and Príncipe
42%
7.20%Benin
37%
7.20%Eritrea
37%
4.60%Ethiopia
37%
9.60%Oman
37%
6.90%Panama
37%
9.80%Uganda
37%
8.70%Barbados
32%
7.90%Colombia
32%
9.80%Costa Rica
32%
10.70%Eswatini
32%
8.40%Liberia
32%
9.10%Senegal
21%

Score Distribution

Percentile by Number Answered

Percent of People with Each Score

Your Score History

You have not taken this quiz